000 00307nam a2200133Ia 4500
008 191201s2011 xx 000 0 und d
100 _aRYDER,G H
245 0 _aStrength of Materials in SI Units
250 _aRep
260 _c2011
_bMacmillan
_aN. Delhi
300 _a340
650 _aME
942 _2ddc
_cBB
999 _c7494
_d7494